000 01191nam a2200289 4500
003 EG-GICUC
005 20260121101234.0
008 251117s1967 ua ||||fr|||| 00| 0 ara d
040 _a EG-GICUC
_bara
_c EG-GICUC
_d EG-GICUC
_erda
041 0 _aara
082 0 4 _221
_a341.71
_bب ط . ا
092 0 4 _221
099 _aLaw1 11 341.71 ب ط . ا 1967
100 0 _aبطرس بطرس غالى
_eمؤلف.
245 1 2 _aالاستراتيجية والسياسة الدولية /
_cبطرس بطرس غالى.
264 _aالقاهرة :
_bمكتبة الانجلو المصرية،
_c1967.
300 _a295 ؛صفحة
_c24 سم
336 _2rda content
_atext
337 _2rda media
_aComputer
338 _2rda carrier
_aOnline Resource
504 _aيحتوي على ارجاعات ببليوجرافية يحتوي على قائمة بالمراجع
546 _aالنص أغلبه باللغة العربية بعض النصوص الإنجليزية والفرنسية
650 1 _aالسياسة الدولية
_xالقانون الدولى العام
856 4 0 _uhttps://fll.law.cu.edu.eg/fulltext/bks/B11-04525.pdf
905 _a75
_eYara
942 _2ddc
_n0
_cBK
_e21
999 _c43884
_d43884